| 000 | 01654nam a22002657a 4500 | ||
|---|---|---|---|
| 008 | 240523t2024 xxk|||||o|||| 00| 0 eng d | ||
| 020 | _a9781783215263 | ||
| 041 | _aeng | ||
| 100 | _aFothergill, Jonathan | ||
| 110 | _aRoyal Institution of Chartered Surveyors | ||
| 245 |
_aPractical considerations for RICS valuers operating in the USA _h[Electronic resource] |
||
| 250 | _a1st | ||
| 260 |
_aLondon, _bRoyal Institution of Chartered Surveyors, _cMay 2024 |
||
| 300 | _a18p. | ||
| 490 | _aRICS Practice Information | ||
| 490 | _aRICS Red Book | ||
| 520 | _aThis Practice Information paper has been developed by an expert group comprising USA based members with expertise of USA and global valuation standards, and provides an overview of the practical considerations and differences RICS members should be aware of if they want to undertake valuations in the USA. RICS members still need to operate in accordance with Red Book Global Standards when operating outside of their country of origin, but there are additional practical and reporting requirements when operating in the USA to ensure compliance with the Uniform Standards of Professional Appraisal Practice, which is the recognised ethical and performance standard for the appraisal profession in the USA. | ||
| 650 | _aVALUATION | ||
| 651 | _aUnited States of America | ||
| 690 |
_aValuation _96273 |
||
| 700 | _aFothergill, Jonathan | ||
| 710 | _aRoyal Institution of Chartered Surveyors | ||
| 856 |
_uhttps://www.rics.org/profession-standards/rics-standards-and-guidance/sector-standards/valuation-standards/usa-guide-for-valuers _zAvailable free on RICS.org |
||
| 942 | _n0 | ||
| 999 |
_c121940 _d121940 |
||